000 00294nam a22001217a 4500
008 180607b xxu||||| |||| 00| 0 eng d
041 _aeng
080 _a043.3
100 _a0
101 _aMBE-BA
245 _aRaportet e Auditimit dhe rendesia ne Vendimmarrje
_cKrasniqi, A
942 _2udc
_cBK
999 _c46527
_d46527